Villes de Haute-Savoie de A à Z - Statistiques

Statistiques générales
  • Ce quiz a été pris 59 fois
  • Le résultat moyen est 7 sur 20
Statistiques - réponses
Hint Réponse % Correct
A Préfecture du département, connue pour son lac éponyme Annecy
100%
C Ville au pied du Mont-Blanc Chamonix
98%
E Ville thermale réputée pour son eau minérale Evian-les-Bains
71%
B Ville située dans la vallée de l’Arve, connue pour son passé industriel Bonneville
62%
M Station de ski réputée au charme alpin Megève
60%
Y Village médiéval classé parmi les plus beaux de France Yvoire
56%
R Située à mi-distance entre Annecy et Aix-les-Bains Rumilly
42%
T Capitale du Reblochon Thônes
38%
S Son cirque éponyme est réputé auprès des randonneurs Sixt-Fer-à-Cheval
37%
G Ville frontalière située juste à côté de Genève Gaillard
35%
P Commune de montagne offrant des panoramas spectaculaires sur le Mont-Blanc Passy
33%
D Sur les rives du lac, son château appartenait au marquis François de Sales Duingt
29%
L Ville historique avec un riche patrimoine médiéval, possède également un parc des expositions La Roche-sur-Foron
19%
J Commune résidentielle proche d’Annemasse Juvigny
17%
Q Proche d'Annecy, seule ville en Q du département Quintal
17%
H Petit village de montagne apprécié pour le ski en hiver, dans le massif du Chablais Habère-Poche
12%
F Commune entre lac et montagnes, idéale pour les activités de plein air Faverges-Seythenex
8%
O Commune rurale située dans la vallée du Risse Onnion
8%
V Ville de France regroupant le plus de fortunés Veyrier-du-Lac
8%
N Village surplombant le lac Léman Neuvecelles
0%
Aucun quiz correspondant
Distribution des résultats
% des personnes avec chaque résultat
Percentile par nombre de réponses
Votre historique - résultats
Vous n’avez pas pris ce quiz